The five sacred festivals of ancient Japan ; their symbolism & historical development /

Bibliographic Details
Main Author: Casal, U. A.
Format: Book
Language:English
Published: Tokyo : Sophia University, in cooperation with C.E. Tuttle Co., Rutland, Vt., [1967]
Subjects:

MARC

Tag First Indicator Second Indicator Subfields
LEADER 00000cam a22000001 4500
001 in00000171921
005 20151008084231.0
008 740610s1967 ja a 00000 eng
010 |a  67020954  
035 |a (OCoLC)00492901 
035 |9 AAT8411AM 
040 |a DLC  |c DLC  |d TXA  |d UtOrBLW 
043 |a a-ja--- 
049 |a TXAM  |c [910235] 
050 0 0 |a GT4884.A2  |b C3 
082 0 |a 394.2 
100 1 |a Casal, U. A. 
245 1 4 |a The five sacred festivals of ancient Japan ;  |b their symbolism & historical development /  |c by U. A. Casal. 
264 1 |a Tokyo :  |b Sophia University, in cooperation with C.E. Tuttle Co., Rutland, Vt.,  |c [1967] 
300 |a viii, 114 pages :  |b illustrations (part folded) ;  |c 27 cm. 
336 |a text  |b txt  |2 rdacontent 
337 |a unmediated  |b n  |2 rdamedia 
338 |a volume  |b nc  |2 rdacarrier 
650 0 |a Festivals  |z Japan. 
999 |a MARS 
999 f f |s 929331b9-02f6-35fa-820d-09afd8c16744  |i d39dac48-5b0f-3468-aaa6-1bcd3cc40026  |t 0 
952 f f |p ric  |a Texas A&M University  |b Rellis Campus  |c Joint Library Facility  |d Remote Storage  |t 0  |e GT4884.A2 C3  |h Library of Congress classification  |i unmediated -- volume  |m A14802449663 
998 f f |a GT4884.A2 C3  |t 0  |l Remote Storage